Largest Stadiums By Sport - Statistics

General Stats
  • This quiz has been taken 11 times
  • The average score is 3 of 15
Answer Stats
Sport Capacity City Stadium % Correct
Association Football 99,000 Barcelona Camp Nou
82%
Cricket 100,000 Melbourne Melbourne Cricket Ground
45%
Rugby (Union or League) 90,000 London Wembley Stadium
45%
American (Gridiron) Football 108,000 Ann Arbor Michigan Stadium
36%
American (Gridiron) Football 103,000 Columbus Ohio Stadium
27%
Association Football 113,000 Pyonyang Rungrado 1st of May Stadium
27%
Athletics 113,000 Pyongyang Rungrado 1st of May Stadium
27%
American (Gridiron) Football 107,000 College Township Beaver Stadium
18%
Association Football 95,000 Johannesburg FNB Stadium
9%
Rugby (Union or League) 95,000 Johannesburg FNB Stadium
9%
Cricket 132,000 Ahmedabad Narendra Modi Stadium
9%
Athletics 88,000 Kuala Lumpur Bukit Jalil National Stadium
0%
Cricket 68,000 London London Stadium
0%
Athletics 85,000 Kolkata Salt Lake Stadium
0%
Rugby (Union or League) 83,000 Sydney Stadium Australia
0%
No matching quizzes found
Score Distribution
Percent of People with Each Score
Percentile by Number Answered
Your Score History
You have not taken this quiz